[Event "11. Torneo Internet Ciudad Dos Hermanas"]
[Site "Dos Hermanas ICC ESP"]
[Date "2010.03.19"]
[Round "1"]
[White "Bykhovsky, Anatoly"]
[Black "Shipov, Sergei"]
[Result "1/2-1/2"]
[WhiteElo "2501"]
[BlackElo "2557"]
[PlyCount "93"]
[EventDate "2010.03.10"]
[EventType "match (blitz)"]
[EventCountry "ESP"]
[Source "lmi"]
[SourceDate "2010.03.12"]

1. d4 d5 2. c4 dxc4 3. Nf3 e6 4. e3 c5 5. Bxc4 a6 6. O-O Nf6 7. Bb3 Be7 8. Qe2
cxd4 9. exd4 Nc6 10. Rd1 O-O 11. Nc3 Na5 12. Bc2 b5 13. Bg5 Bb7 14. h4 Rc8 15.
Rac1 Nc4 16. Bb1 Re8 17. Ne5 g6 18. Bxf6 Bxf6 19. h5 Bxe5 20. dxe5 Qg5 21. Be4
Bxe4 22. Nxe4 Qxe5 23. Qf3 Qf5 24. Nf6+ Kg7 25. Nxe8+ Rxe8 26. Qxf5 gxf5 27. b3
Ne5 28. Rd6 Ra8 29. Rb6 h6 30. Rc7 Kf6 31. f3 f4 32. Rbb7 Rd8 33. Ra7 Rd1+ 34.
Kh2 Rd2 35. Kh3 Rxa2 36. Rcb7 Ra1 37. Kh2 Ra2 38. Kh3 Kg5 39. Rxb5 f6 40. Rb6
Ra1 41. Kh2 Ra2 42. Raxa6 Nxf3+ 43. Kh3 Ng1+ 44. Kh2 Nf3+ 45. Kh3 Ng1+ 46. Kh2
Nf3+ 47. Kh3 1/2-1/2

[Event "11. Torneo Internet Ciudad Dos Hermanas"]
[Site "Dos Hermanas ICC ESP"]
[Date "2010.03.19"]
[Round "1"]
[White "Sorkin, Igor"]
[Black "Lastin, Alexander"]
[Result "1/2-1/2"]
[WhiteElo "2392"]
[BlackElo "2643"]
[PlyCount "88"]
[EventDate "2010.03.10"]
[EventType "match (blitz)"]
[EventCountry "ESP"]
[Source "lmi"]
[SourceDate "2010.03.12"]

1. d4 Nf6 2. c4 e6 3. Nf3 d5 4. Nc3 Bb4 5. Qa4+ Nc6 6. Ne5 Bd7 7. Nxd7 Qxd7 8.
e3 Ne4 9. Qc2 O-O 10. Bd3 f5 11. O-O Bxc3 12. bxc3 Na5 13. cxd5 exd5 14. c4
Nxc4 15. Bxc4 dxc4 16. Qxc4+ Rf7 17. Rb1 b6 18. a4 a5 19. f3 Nd6 20. Qd5 Re8
21. Qb3 h6 22. Bd2 Kh7 23. Rfc1 Rfe7 24. Kh1 h5 25. Rc2 h4 26. h3 Nf7 27. Qb5
Qxb5 28. Rxb5 Nd6 29. Rb3 Rd7 30. Rbc3 Ree7 31. Kg1 g5 32. Kf2 Kg6 33. Bc1 Kh5
34. Ba3 g4 35. Bxd6 cxd6 36. Rb3 g3+ 37. Ke2 Rc7 38. Rxc7 Rxc7 39. Kd3 Rc1 40.
Rxb6 Rd1+ 41. Kc3 Rc1+ 42. Kd3 Rd1+ 43. Kc3 Rc1+ 44. Kd3 Rd1+ 1/2-1/2

[Event "11. Torneo Internet Ciudad Dos Hermanas"]
[Site "Dos Hermanas ICC ESP"]
[Date "2010.03.19"]
[Round "1"]
[White "Perez Ponsa, Federico"]
[Black "Deviatkin, Andrei"]
[Result "1-0"]
[WhiteElo "2437"]
[BlackElo "2587"]
[PlyCount "73"]
[EventDate "2010.03.10"]
[EventType "match (blitz)"]
[EventCountry "ESP"]
[Source "lmi"]
[SourceDate "2010.03.12"]

1. e4 e5 2. Nf3 Nc6 3. Bb5 Nf6 4. d3 d6 5. O-O g6 6. d4 exd4 7. e5 Nd7 8. exd6
Bxd6 9. Re1+ Be7 10. Nxd4 Nxd4 11. Qxd4 O-O 12. Nc3 Bf6 13. Qf4 c6 14. Bc4 Bg7
15. Be3 Qf6 16. Qg3 Nb6 17. Bb3 Bf5 18. Rad1 Rfe8 19. Bg5 Rxe1+ 20. Rxe1 Qd4
21. h3 Be6 22. Bxe6 fxe6 23. Rxe6 Rf8 24. Be3 Qd7 25. Re4 Nd5 26. Nxd5 Qxd5 27.
Re7 Rf7 28. Qb8+ Rf8 29. Qxb7 Qd1+ 30. Kh2 Qd6+ 31. g3 Qf6 32. Qb3+ Kh8 33. Qe6
Qxb2 34. Qxc6 Qxa2 35. Qd7 Bh6 36. Rxh7+ Kg8 37. Rxh6 1-0

[Event "11. Torneo Internet Ciudad Dos Hermanas"]
[Site "Dos Hermanas ICC ESP"]
[Date "2010.03.19"]
[Round "1"]
[White "Karim, Ismael"]
[Black "Hammer, Jon Ludvig"]
[Result "0-1"]
[WhiteElo "2347"]
[BlackElo "2617"]
[PlyCount "66"]
[EventDate "2010.03.10"]
[EventType "match (blitz)"]
[EventCountry "ESP"]
[Source "lmi"]
[SourceDate "2010.03.12"]

1. d4 Nf6 2. Nf3 e6 3. c4 b6 4. a3 Ba6 5. Qc2 Bb7 6. Nc3 c5 7. e4 cxd4 8. Nxd4
Bc5 9. Nb3 Nc6 10. Bg5 h6 11. Bh4 Nd4 12. Nxd4 Bxd4 13. O-O-O Be5 14. Bg3 Qb8
15. Bd3 O-O 16. Rhe1 a6 17. Kb1 b5 18. c5 Rc8 19. f4 Bxf4 20. e5 Bxg3 21. exf6
Be5 22. Bh7+ Kf8 23. fxg7+ Bxg7 24. Ne4 Bd5 25. Rf1 Qe5 26. Nc3 Rxc5 27. Qg6 f5
28. Rxd5 Rxd5 29. g4 Rd2 30. gxf5 Rxb2+ 31. Ka1 Rf2 32. Rxf2 Qxc3+ 33. Kb1 Qe1+
0-1

[Event "11. Torneo Internet Ciudad Dos Hermanas"]
[Site "Dos Hermanas ICC ESP"]
[Date "2010.03.19"]
[Round "1"]
[White "Tristan, Leonardo"]
[Black "Bruzon Batista, Lazaro"]
[Result "0-1"]
[WhiteElo "2408"]
[BlackElo "2641"]
[PlyCount "66"]
[EventDate "2010.03.10"]
[EventType "match (blitz)"]
[EventCountry "ESP"]
[Source "lmi"]
[SourceDate "2010.03.12"]

1. e4 e5 2. Nf3 Nc6 3. Bb5 a6 4. Ba4 Nf6 5. d3 b5 6. Bb3 Be7 7. O-O O-O 8. a4
b4 9. Nbd2 d6 10. Re1 Na5 11. Ba2 Be6 12. Nf1 Bxa2 13. Rxa2 Qd7 14. Bd2 c5 15.
Ne3 h6 16. Nc4 Nxc4 17. dxc4 Qc6 18. Qe2 Nd7 19. b3 f5 20. Raa1 Rae8 21. Rad1
a5 22. Bc1 f4 23. Qd3 Nf6 24. Nh4 Nxe4 25. Ng6 Nc3 26. Nxe7+ Rxe7 27. Qxd6 Qe8
28. Rd3 e4 29. Rh3 e3 30. fxe3 Re6 31. Qxc5 Qg6 32. Bd2 f3 33. Rg3 f2+ 0-1

[Event "11. Torneo Internet Ciudad Dos Hermanas"]
[Site "Dos Hermanas ICC ESP"]
[Date "2010.03.19"]
[Round "1"]
[White "Khusnutdinov, Rustam"]
[Black "Vovk, Yuri"]
[Result "1-0"]
[WhiteElo "2527"]
[BlackElo "2545"]
[PlyCount "69"]
[EventDate "2010.03.10"]
[EventType "match (blitz)"]
[EventCountry "ESP"]
[Source "lmi"]
[SourceDate "2010.03.12"]

1. e4 c5 2. Nf3 e6 3. d4 cxd4 4. Nxd4 a6 5. Nc3 Qc7 6. g3 b5 7. Bg2 Bb7 8. O-O
Nf6 9. Re1 d6 10. a4 bxa4 11. Rxa4 Nbd7 12. Nd5 exd5 13. exd5+ Kd8 14. Nc6+
Bxc6 15. dxc6 Nc5 16. Rb4 Be7 17. Be3 Qa5 18. Bxc5 Qxc5 19. Rb7 Re8 20. Qf3 d5
21. c7+ Kc8 22. Qb3 Ng4 23. Re2 Qc4 24. Rb8+ Kxc7 25. Qb7+ Kd6 26. Rxa8 Rxa8
27. Qxe7+ Kc6 28. Qxf7 Qxe2 29. Bxd5+ Kc5 30. Bxa8 Nf6 31. Kg2 Kb6 32. Bf3 Qxc2
33. Qxg7 Qxb2 34. Qb7+ Ka5 35. Qxb2 1-0

[Event "11. Torneo Internet Ciudad Dos Hermanas"]
[Site "Dos Hermanas ICC ESP"]
[Date "2010.03.19"]
[Round "1"]
[White "Vasquez Schroeder, Rodrigo"]
[Black "Gonzalez Zamora, Juan Carlos"]
[Result "1-0"]
[WhiteElo "2506"]
[BlackElo "2552"]
[PlyCount "133"]
[EventDate "2010.03.10"]
[EventType "match (blitz)"]
[EventCountry "ESP"]
[Source "lmi"]
[SourceDate "2010.03.12"]

1. d4 Nf6 2. Nf3 e6 3. e3 b6 4. Bd3 Bb7 5. O-O Be7 6. c4 O-O 7. Nc3 d5 8. b3
Nbd7 9. Bb2 a6 10. Qe2 c5 11. cxd5 exd5 12. Rfd1 Re8 13. Rac1 Bd6 14. Qc2 Qe7
15. Bf5 Rad8 16. Qb1 c4 17. Re1 cxb3 18. axb3 b5 19. Ne2 Ne4 20. Nf4 Bxf4 21.
exf4 Qf6 22. Bxd7 Rxd7 23. Ne5 Rde7 24. g3 b4 25. Qd3 Qb6 26. Kg2 f6 27. Nf3 a5
28. Qd1 Qd6 29. Qc2 Qd7 30. Ng1 h5 31. f3 Nd6 32. Rxe7 Rxe7 33. Qd2 Ba6 34. Re1
Nf5 35. Kf2 Rxe1 36. Kxe1 Kf7 37. Kf2 Qb5 38. Qd1 Qd3 39. Qxd3 Bxd3 40. Ne2
Bxe2 41. Kxe2 Ke6 42. g4 Nd6 43. f5+ Kf7 44. h3 hxg4 45. hxg4 Ke7 46. Kd3 Kd7
47. Bc1 Kc6 48. Bf4 Nf7 49. Bd2 Kb5 50. Kc2 a4 51. Bf4 Nd8 52. Bd6 Nc6 53.
bxa4+ Kxa4 54. Bf8 b3+ 55. Kc3 Nxd4 56. Bxg7 Ne2+ 57. Kb2 d4 58. Bxf6 d3 59.
Bg5 Nd4 60. f6 Ne6 61. Be3 Kb4 62. g5 Kc4 63. g6 Nc5 64. g7 Na4+ 65. Ka3 b2 66.
g8=Q+ Kc3 67. Qb3# 1-0

[Event "11. Torneo Internet Ciudad Dos Hermanas"]
[Site "Dos Hermanas ICC ESP"]
[Date "2010.03.19"]
[Round "1"]
[White "Valdes, Leonardo"]
[Black "Andreikin, Dmitry"]
[Result "0-1"]
[WhiteElo "2395"]
[BlackElo "2645"]
[PlyCount "126"]
[EventDate "2010.03.10"]
[EventType "match (blitz)"]
[EventCountry "ESP"]
[Source "lmi"]
[SourceDate "2010.03.12"]

1. d4 Nf6 2. Bf4 Nh5 3. Bc1 Nf6 4. Bf4 Nh5 5. Bc1 Nf6 6. Bf4 g6 7. e3 Bg7 8.
Nf3 Nh5 9. Bg5 h6 10. Bh4 g5 11. Bg3 d6 12. Be2 Nd7 13. c4 e5 14. Nc3 O-O 15.
Qc2 f5 16. dxe5 Nxg3 17. hxg3 dxe5 18. O-O-O c6 19. g4 fxg4 20. Nh2 h5 21. Nxg4
Qe8 22. Nh2 g4 23. Nf1 Rxf2 24. Ng3 Nf6 25. Nce4 Nxe4 26. Qxe4 Rxe2 27. Nxe2
Be6 28. Ng3 Bf7 29. Rdf1 Qe6 30. Nxh5 Bg6 31. Nf4 Bxe4 32. Nxe6 Bxg2 33. Rhg1
Bxf1 34. Rxf1 Bh6 35. Kd2 Re8 36. Nc5 Kg7 37. Ne4 Rf8 38. Rg1 Rf3 39. Rxg4+ Kf7
40. Nd6+ Ke6 41. Nxb7 Bxe3+ 42. Ke2 Rh3 43. Rg6+ Kf5 44. Rxc6 Bd4 45. Nd6+ Kf4
46. Rc8 e4 47. Rf8+ Ke5 48. Nxe4 Kxe4 49. Re8+ Be5 50. c5 Rh2+ 51. Kd1 Rxb2 52.
Kc1 Rb5 53. c6 Rc5+ 54. Kd2 Rxc6 55. Re7 Kd5 56. Kd1 Bd4 57. Rd7+ Kc4 58. Rd8
Kd3 59. Re8 Rg6 60. Re2 Rg1+ 61. Re1 Rg2 62. a3 Ra2 63. Kc1 Ra1# 0-1

[Event "11. Torneo Internet Ciudad Dos Hermanas"]
[Site "Dos Hermanas ICC ESP"]
[Date "2010.03.19"]
[Round "1"]
[White "Gurevich, Dmitry"]
[Black "Jones, Gawain C B"]
[Result "0-1"]
[WhiteElo "2488"]
[BlackElo "2556"]
[PlyCount "76"]
[EventDate "2010.03.10"]
[EventType "match (blitz)"]
[EventCountry "ESP"]
[Source "lmi"]
[SourceDate "2010.03.12"]

1. d4 Nf6 2. c4 g6 3. Nc3 Bg7 4. e4 d6 5. Nf3 O-O 6. Be2 e5 7. O-O Nc6 8. d5
Ne7 9. Ne1 Nd7 10. Be3 f5 11. f3 f4 12. Bf2 g5 13. Nb5 b6 14. b4 Rf6 15. c5 a6
16. Nc3 Qe8 17. cxd6 cxd6 18. Nd3 Qh5 19. Be1 Rh6 20. h3 Ng6 21. Nf2 Nh4 22.
Ng4 Rg6 23. Rc1 Nf6 24. Na4 Rb8 25. Nxb6 Bxg4 26. hxg4 Qh6 27. Rc8+ Rxc8 28.
Nxc8 Bf8 29. Bxa6 Qg7 30. Qc2 h5 31. Be2 hxg4 32. fxg4 Rh6 33. Nxd6 Bxd6 34.
Qc8+ Bf8 35. Qe6+ Kh8 36. Qc8 Nxe4 37. Bxh4 Rxh4 38. Rf3 Qa7+ 0-1

[Event "11. Torneo Internet Ciudad Dos Hermanas"]
[Site "Dos Hermanas ICC ESP"]
[Date "2010.03.19"]
[Round "2"]
[White "Shipov, Sergei"]
[Black "Bykhovsky, Anatoly"]
[Result "1-0"]
[WhiteElo "2557"]
[BlackElo "2501"]
[PlyCount "57"]
[EventDate "2010.03.10"]
[EventType "match (blitz)"]
[EventCountry "ESP"]
[Source "lmi"]
[SourceDate "2010.03.12"]

1. d4 Nf6 2. c4 g6 3. Nc3 d5 4. Nf3 Bg7 5. cxd5 Nxd5 6. Bg5 c5 7. Rc1 Nxc3 8.
bxc3 O-O 9. e4 Bg4 10. d5 Qa5 11. Qd2 e6 12. Be2 exd5 13. exd5 Bxf3 14. Bxf3
Re8+ 15. Kf1 Nd7 16. g3 Ne5 17. Be2 c4 18. Kg2 Nd3 19. Bf3 Nxc1 20. Rxc1 Be5
21. h4 f6 22. Be3 Rad8 23. h5 g5 24. h6 Qc7 25. Qc2 b6 26. g4 Bf4 27. Bxf4 Qxf4
28. Rd1 Re5 29. Rd4 1-0

[Event "11. Torneo Internet Ciudad Dos Hermanas"]
[Site "Dos Hermanas ICC ESP"]
[Date "2010.03.19"]
[Round "2"]
[White "Jones, Gawain C B"]
[Black "Gurevich, Dmitry"]
[Result "0-1"]
[WhiteElo "2556"]
[BlackElo "2488"]
[PlyCount "102"]
[EventDate "2010.03.10"]
[EventType "match (blitz)"]
[EventCountry "ESP"]
[Source "lmi"]
[SourceDate "2010.03.12"]

1. e4 c5 2. Nc3 g6 3. f4 Bg7 4. Nf3 Nc6 5. Bb5 Nd4 6. O-O a6 7. Bd3 d6 8. Nxd4
cxd4 9. Ne2 Nf6 10. Kh1 O-O 11. Nxd4 Nxe4 12. Bxe4 Bxd4 13. Qf3 e6 14. Bxb7
Bxb7 15. Qxb7 d5 16. c3 Bg7 17. d4 a5 18. a4 Qd6 19. Qb3 Rab8 20. Qc2 Rfc8 21.
Rf2 Bxd4 22. Re2 Qc6 23. Be3 Bxe3 24. Rxe3 d4 25. Rf3 dxc3 26. Rxc3 Rxb2 27.
Rxc6 Rxc2 28. Rxc8+ Rxc8 29. g3 Rc4 30. Kg2 h5 31. Kh3 Kg7 32. Kh4 Rc2 33. Kh3
Kf6 34. Re1 Rc4 35. Ra1 g5 36. fxg5+ Kxg5 37. Kg2 h4 38. Ra2 hxg3 39. hxg3 Kg4
40. Rf2 f5 41. Re2 Rxa4 42. Rxe6 Ra2+ 43. Kf1 Kxg3 44. Re5 f4 45. Rg5+ Kf3 46.
Ke1 a4 47. Rg8 a3 48. Ra8 Ra1+ 49. Kd2 a2 50. Ra7 Rf1 51. Ra3+ Kg2 0-1

[Event "11. Torneo Internet Ciudad Dos Hermanas"]
[Site "Dos Hermanas ICC ESP"]
[Date "2010.03.19"]
[Round "2"]
[White "Kacheishvili, Giorgi"]
[Black "Barbosa, Oliver"]
[Result "1/2-1/2"]
[WhiteElo "2587"]
[BlackElo "2452"]
[PlyCount "95"]
[EventDate "2010.03.10"]
[EventType "match (blitz)"]
[EventCountry "ESP"]
[Source "lmi"]
[SourceDate "2010.03.12"]

1. d4 Nf6 2. c4 c5 3. d5 b5 4. cxb5 a6 5. b6 d6 6. Nc3 Nbd7 7. e4 Qxb6 8. Nf3
g6 9. Nd2 Bg7 10. Nc4 Qc7 11. Bf4 Nb6 12. Ne3 Nh5 13. Bg5 O-O 14. Be2 Nf6 15.
O-O Bb7 16. a4 Rfe8 17. a5 Nbd7 18. Bf4 Rad8 19. Nc4 h6 20. h3 Nf8 21. Qd2 g5
22. Bh2 Ng6 23. Rab1 e6 24. dxe6 Rxe6 25. f3 Nh5 26. Ne3 Nhf4 27. Nf5 d5 28.
Nxg7 Kxg7 29. exd5 Qe5 30. Rbe1 Bxd5 31. Bxa6 Qf6 32. Rxe6 Bxe6 33. Qe3 Bxh3
34. gxh3 Nxh3+ 35. Kh1 Qxa6 36. Re1 Qc4 37. Ne4 Rd4 38. Rc1 Qd5 39. Rxc5 Rd1+
40. Kg2 Nhf4+ 41. Bxf4 Nxf4+ 42. Qxf4 Rg1+ 43. Kh2 Rh1+ 44. Kg2 Rg1+ 45. Kh2
Rh1+ 46. Kg2 Rg1+ 47. Kh2 Rh1+ 48. Kg2 1/2-1/2

[Event "11. Torneo Internet Ciudad Dos Hermanas"]
[Site "Dos Hermanas ICC ESP"]
[Date "2010.03.19"]
[Round "2"]
[White "Lastin, Alexander"]
[Black "Sorkin, Igor"]
[Result "1-0"]
[WhiteElo "2643"]
[BlackElo "2392"]
[PlyCount "113"]
[EventDate "2010.03.10"]
[EventType "match (blitz)"]
[EventCountry "ESP"]
[Source "lmi"]
[SourceDate "2010.03.12"]

1. e4 c5 2. Nf3 e6 3. d4 cxd4 4. Nxd4 Nf6 5. Nc3 d6 6. g4 h6 7. h3 a6 8. Bg2
Qc7 9. Be3 Nc6 10. Qe2 Bd7 11. f4 O-O-O 12. O-O-O Nxd4 13. Bxd4 Bc6 14. Qf2 Nd7
15. f5 e5 16. Be3 Qa5 17. Kb1 Kb8 18. Nd5 Rc8 19. Rd3 Bxd5 20. Rxd5 Qc7 21.
Rhd1 Be7 22. Bf3 Qc6 23. c3 Rhd8 24. Qe2 Nf6 25. R5d3 Ne8 26. Bf2 Rd7 27. Qe3
b5 28. h4 Rb7 29. a3 a5 30. Rc1 Nc7 31. g5 hxg5 32. hxg5 Na6 33. Rd5 Nc5 34. f6
gxf6 35. gxf6 Bxf6 36. Bg4 Ne6 37. Qf3 Bg5 38. Rcd1 b4 39. Rxd6 Qc4 40. Rd7
Rcc7 41. Bxe6 Qxe6 42. Rxc7 Rxc7 43. cxb4 axb4 44. axb4 Rb7 45. Qc3 Be7 46. Bc5
Rc7 47. Rd5 f6 48. Qc4 Qc6 49. Qd3 Bxc5 50. bxc5 Qa4 51. Rd8+ Ka7 52. Qd5 Qc6
53. Qxc6 Rxc6 54. b4 Ka6 55. Kb2 Kb5 56. Kb3 Ra6 57. Rb8+ 1-0

[Event "11. Torneo Internet Ciudad Dos Hermanas"]
[Site "Dos Hermanas ICC ESP"]
[Date "2010.03.19"]
[Round "2"]
[White "Bruzon Batista, Lazaro"]
[Black "Tristan, Leonardo"]
[Result "1-0"]
[WhiteElo "2641"]
[BlackElo "2408"]
[PlyCount "89"]
[EventDate "2010.03.10"]
[EventType "match (blitz)"]
[EventCountry "ESP"]
[Source "lmi"]
[SourceDate "2010.03.12"]

1. e4 c5 2. Nf3 d6 3. d4 cxd4 4. Nxd4 Nf6 5. Nc3 g6 6. Be3 Bg7 7. f3 Nc6 8. Qd2
O-O 9. g4 Nxd4 10. Bxd4 Be6 11. h4 Qa5 12. h5 Rfc8 13. hxg6 hxg6 14. Be2 Bc4
15. a3 b5 16. b4 Qc7 17. Nxb5 Qc6 18. Nc3 Bxe2 19. Nxe2 Nxe4 20. fxe4 Qxe4 21.
O-O-O e5 22. Bb2 Qxg4 23. Nc3 Rc4 24. Nd5 Qe6 25. Ne3 Rc6 26. Kb1 Rac8 27. Qd5
Qf6 28. Rdf1 Qe7 29. c4 a5 30. Rf2 axb4 31. axb4 Qe6 32. Rhf1 R6c7 33. b5 Qxd5
34. Nxd5 Rb7 35. Rc2 f5 36. Ba3 Bf8 37. Rg1 Kf7 38. Ka2 e4 39. Kb3 Ra8 40. Bb4
Rc8 41. Rh2 Bg7 42. Rhg2 Rh8 43. Rxg6 Rh3+ 44. R6g3 Be5 45. Rxh3 1-0

[Event "11. Torneo Internet Ciudad Dos Hermanas"]
[Site "Dos Hermanas ICC ESP"]
[Date "2010.03.19"]
[Round "2"]
[White "Andreikin, Dmitry"]
[Black "Valdes, Leonardo"]
[Result "1-0"]
[WhiteElo "2645"]
[BlackElo "2395"]
[PlyCount "77"]
[EventDate "2010.03.10"]
[EventType "match (blitz)"]
[EventCountry "ESP"]
[Source "lmi"]
[SourceDate "2010.03.12"]

1. e4 Nf6 2. e5 Nd5 3. Nf3 d6 4. exd6 exd6 5. d4 Be7 6. c4 Nf6 7. Bd3 O-O 8. h3
h6 9. O-O c5 10. Nc3 Nc6 11. d5 Na5 12. b3 a6 13. a4 Rb8 14. Bc2 Re8 15. Qd3
Bf8 16. Bb2 g6 17. Rae1 Bg7 18. Rxe8+ Qxe8 19. Re1 Qd8 20. Qd2 Bd7 21. Qf4 Qf8
22. Nd2 b6 23. Nce4 Nxe4 24. Bxg7 Kxg7 25. Nxe4 Bf5 26. g4 Bxe4 27. Qxe4 b5 28.
axb5 axb5 29. f4 bxc4 30. bxc4 Rb4 31. Bd3 Nb3 32. f5 Nd2 33. f6+ Kh7 34. Qf4
Rb2 35. Re7 Nb3 36. Bxg6+ Kh8 37. Re8 Rb1+ 38. Bxb1 Qxe8 39. Qxh6+ 1-0

[Event "11. Torneo Internet Ciudad Dos Hermanas"]
[Site "Dos Hermanas ICC ESP"]
[Date "2010.03.19"]
[Round "2"]
[White "Deviatkin, Andrei"]
[Black "Perez Ponsa, Federico"]
[Result "0-1"]
[WhiteElo "2587"]
[BlackElo "2437"]
[PlyCount "178"]
[EventDate "2010.03.10"]
[EventType "match (blitz)"]
[EventCountry "ESP"]
[Source "lmi"]
[SourceDate "2010.03.12"]

1. e4 c5 2. c3 d5 3. exd5 Qxd5 4. d4 Nf6 5. Nf3 Bg4 6. dxc5 Qxc5 7. h3 Bf5 8.
Na3 a6 9. Nd4 Bg6 10. Qa4+ Nbd7 11. Qc4 e6 12. Nac2 Rc8 13. Qxc5 Bxc5 14. Ne3
Ne5 15. Nb3 Ba7 16. Bd2 O-O 17. Be2 Nd3+ 18. Bxd3 Bxd3 19. Nc1 Bb5 20. a4 Bc6
21. O-O Ne4 22. Be1 Rfd8 23. Ne2 Nd2 24. Bxd2 Rxd2 25. Nd4 Bxd4 26. cxd4 Rxb2
27. Rfc1 Rd8 28. Rd1 g6 29. a5 Kg7 30. Rac1 Rb4 31. Nc4 Bb5 32. Ne5 Rbxd4 33.
Rxd4 Rxd4 34. Rc7 Be8 35. Rc8 Kf6 36. f4 Rxf4 37. Ng4+ Ke7 38. Rc7+ Bd7 39.
Rxb7 Rf5 40. Nh6 Rxa5 41. Ng8+ Kd8 42. Nf6 Ra1+ 43. Kf2 Rd1 44. Nxh7 Ke7 45.
Ra7 Rd5 46. g4 a5 47. g5 Kd6 48. h4 Rf5+ 49. Ke3 Bc6 50. Nf6 Rf3+ 51. Kd2 Rf4
52. Rxa5 Rxh4 53. Ra7 Rh2+ 54. Ke3 Rg2 55. Rxf7 Rxg5 56. Nh7 Rf5 57. Ra7 Rf3+
58. Ke2 Rg3 59. Nf6 Ke5 60. Nh7 Bd5 61. Nf8 g5 62. Nd7+ Kf5 63. Ra4 Rb3 64. Nc5
Rb2+ 65. Ke3 g4 66. Nd3 Rb3 67. Rf4+ Kg5 68. Rd4 g3 69. Ke2 g2 70. Kf2 Rb1 71.
Rxd5+ exd5 72. Kxg2 Kf5 73. Nc5 Rb5 74. Na4 d4 75. Kf3 Ke5 76. Ke2 Kd5 77. Kd3
Rb3+ 78. Kd2 Rb4 79. Nc3+ dxc3+ 80. Kxc3 Rd4 81. Kb3 Rc4 82. Kb2 Kd4 83. Kb3
Kd3 84. Kb2 Rb4+ 85. Ka2 Kc3 86. Ka3 Rc4 87. Ka2 Kc2 88. Ka3 Rd4 89. Ka2 Ra4#
0-1

[Event "11. Torneo Internet Ciudad Dos Hermanas"]
[Site "Dos Hermanas ICC ESP"]
[Date "2010.03.19"]
[Round "3"]
[White "Karim, Ismael"]
[Black "Hammer, Jon Ludvig"]
[Result "0-1"]
[WhiteElo "2347"]
[BlackElo "2617"]
[PlyCount "20"]
[EventDate "2010.03.10"]
[EventType "match (blitz)"]
[EventCountry "ESP"]
[Source "lmi"]
[SourceDate "2010.03.12"]

1. e4 e5 2. Nf3 Nc6 3. Bb5 Nf6 4. O-O Nxe4 5. Re1 Nd6 6. Nxe5 Be7 7. d4 Nxb5 8.
Qg4 O-O 9. Bh6 Bf6 10. Nc3 Nxc3 0-1

[Event "11. Torneo Internet Ciudad Dos Hermanas"]
[Site "Dos Hermanas ICC ESP"]
[Date "2010.03.19"]
[Round "3"]
[White "Sorkin, Igor"]
[Black "Lastin, Alexander"]
[Result "0-1"]
[WhiteElo "2392"]
[BlackElo "2643"]
[PlyCount "48"]
[EventDate "2010.03.10"]
[EventType "match (blitz)"]
[EventCountry "ESP"]
[Source "lmi"]
[SourceDate "2010.03.12"]

1. d4 Nf6 2. c4 e6 3. Nf3 b6 4. a3 Bb7 5. Nc3 d5 6. Qc2 Nbd7 7. cxd5 Nxd5 8.
Bd2 c5 9. e4 N5f6 10. e5 Nd5 11. Bd3 Rc8 12. O-O cxd4 13. Nxd4 Bc5 14. Nf3 Nxc3
15. bxc3 Bxf3 16. gxf3 Nxe5 17. Be4 Qh4 18. Qa4+ Kf8 19. Qxa7 f5 20. Bb7 Rd8
21. Rad1 Nd3 22. Be3 Bxe3 23. fxe3 Qg5+ 24. Kh1 Nf2+ 0-1

[Event "11. Torneo Internet Ciudad Dos Hermanas"]
[Site "Dos Hermanas ICC ESP"]
[Date "2010.03.19"]
[Round "3"]
[White "Khusnutdinov, Rustam"]
[Black "Vovk, Yuri"]
[Result "0-1"]
[WhiteElo "2527"]
[BlackElo "2545"]
[PlyCount "62"]
[EventDate "2010.03.10"]
[EventType "match (blitz)"]
[EventCountry "ESP"]
[Source "lmi"]
[SourceDate "2010.03.12"]

1. e4 c5 2. Nf3 e6 3. d4 cxd4 4. Nxd4 a6 5. Nc3 Qc7 6. g3 Nf6 7. Bg2 Nc6 8. O-O
Be7 9. Re1 O-O 10. Nxc6 dxc6 11. e5 Nd5 12. Nb1 b5 13. b3 Bb7 14. c4 bxc4 15.
bxc4 Nb6 16. Qc2 c5 17. Bxb7 Qxb7 18. Be3 f5 19. exf6 Bxf6 20. Nc3 Nxc4 21. Bf4
Qf3 22. Rac1 Bd4 23. Ne4 Na3 24. Qd2 e5 25. Ng5 Qxf2+ 26. Qxf2 Bxf2+ 27. Kxf2
exf4 28. Rxc5 fxg3+ 29. Kxg3 h6 30. Nf3 Nb5 31. Re6 Rxf3+ 0-1

[Event "11. Torneo Internet Ciudad Dos Hermanas"]
[Site "Dos Hermanas ICC ESP"]
[Date "2010.03.19"]
[Round "3"]
[White "Perez Ponsa, Federico"]
[Black "Deviatkin, Andrei"]
[Result "0-1"]
[WhiteElo "2437"]
[BlackElo "2587"]
[PlyCount "98"]
[EventDate "2010.03.10"]
[EventType "match (blitz)"]
[EventCountry "ESP"]
[Source "lmi"]
[SourceDate "2010.03.12"]

1. e4 c6 2. d4 d5 3. Nc3 dxe4 4. Nxe4 h6 5. Nf3 Bf5 6. Ng3 Bh7 7. Bd3 Bxd3 8.
Qxd3 Nd7 9. Bd2 e6 10. O-O-O Ngf6 11. Rhe1 Be7 12. Kb1 O-O 13. Ne4 c5 14. Nxf6+
Nxf6 15. Bf4 Qb6 16. dxc5 Qxc5 17. Bd6 Bxd6 18. Qxd6 Qxf2 19. Rd2 Qb6 20. Qxb6
axb6 21. Rd6 Ra6 22. Ne5 b5 23. Red1 Nd5 24. Rd7 b4 25. Rf1 f6 26. Ng6 Rfa8 27.
Rxb7 Rxa2 28. Rb8+ Rxb8 29. Kxa2 Rc8 30. Rf2 Kf7 31. Ne5+ Ke7 32. Nd3 Kd6 33.
Kb3 Rb8 34. Rd2 e5 35. Nf2 f5 36. Nd1 Ke6 37. Nf2 e4 38. Rd1 e3 39. Nd3 g5 40.
g3 Rc8 41. Rf1 Rc7 42. Rf3 Rf7 43. Kc4 f4 44. g4 Rc7+ 45. Kb3 Nf6 46. h3 Ne4
47. Kxb4 Rxc2 48. b3 Nd2 49. Ne1 Rc1 0-1

[Event "11. Torneo Internet Ciudad Dos Hermanas"]
[Site "Dos Hermanas ICC ESP"]
[Date "2010.03.19"]
[Round "3"]
[White "Bryzgalin, Kirill"]
[Black "Lenderman, Aleksandr"]
[Result "1-0"]
[WhiteElo "2506"]
[BlackElo "2601"]
[PlyCount "59"]
[EventDate "2010.03.10"]
[EventType "match (blitz)"]
[EventCountry "ESP"]
[Source "lmi"]
[SourceDate "2010.03.12"]

1. e4 c6 2. d4 d5 3. exd5 cxd5 4. c4 Nf6 5. Nc3 Nc6 6. Nf3 Bg4 7. cxd5 Nxd5 8.
Qb3 e6 9. Qxb7 Ndb4 10. Ne5 Nc2+ 11. Kd2 Qxd4+ 12. Kxc2 Bf5+ 13. Bd3 Qxf2+ 14.
Kb1 Nxe5 15. Qxa8+ Ke7 16. Bxf5 exf5 17. Qb7+ Kf6 18. Nd5+ Kg6 19. Nf4+ Kf6 20.
Qa6+ Ke7 21. Rd1 Qc5 22. Nd5+ Ke8 23. Qa4+ Nc6 24. Be3 Qd6 25. Bf4 Qc5 26. Nc7+
Ke7 27. Rc1 Qd4 28. Qxc6 f6 29. Qe6+ Kd8 30. Qe8# 1-0

[Event "11. Torneo Internet Ciudad Dos Hermanas"]
[Site "Dos Hermanas ICC ESP"]
[Date "2010.03.19"]
[Round "3"]
[White "Bykhovsky, Anatoly"]
[Black "Shipov, Sergei"]
[Result "1-0"]
[WhiteElo "2501"]
[BlackElo "2557"]
[PlyCount "117"]
[EventDate "2010.03.10"]
[EventType "match (blitz)"]
[EventCountry "ESP"]
[Source "lmi"]
[SourceDate "2010.03.12"]

1. d4 d5 2. Nf3 e6 3. c4 dxc4 4. e3 c5 5. Bxc4 a6 6. O-O Nf6 7. Bb3 Be7 8. Qe2
cxd4 9. exd4 O-O 10. Rd1 Nc6 11. Nc3 Na5 12. Bc2 b5 13. h4 Bb7 14. Bg5 Rc8 15.
Rac1 Nc4 16. Bb1 Bxf3 17. Qxf3 Nxb2 18. Rd2 Nc4 19. Rdd1 Nd5 20. Ne4 h6 21.
Bxe7 Qxe7 22. Re1 Qxh4 23. g3 Qe7 24. Kg2 Rfd8 25. Rh1 Nd6 26. Nc5 Qg5 27. Rce1
Nf6 28. Re5 Qd2 29. Rh4 Nd7 30. Re2 Qd1 31. Rh1 Qxd4 32. Nxa6 Qd5 33. Qxd5 exd5
34. Nb4 Nf6 35. Rd1 Nc4 36. Bf5 Ra8 37. Re7 Rd6 38. Rb7 g6 39. Bb1 Rb6 40. Rc7
Rd8 41. Nc6 Rd6 42. Ne7+ Kf8 43. Nc8 Rdc6 44. Nxb6 Rxc7 45. Nxd5 Rd7 46. Nc3
Rxd1 47. Nxd1 Nd5 48. Be4 Nb4 49. Bb1 Ke7 50. Nc3 Nd6 51. a3 Nc6 52. Bd3 Nd4
53. f4 f5 54. Kf2 Ke6 55. Ke3 Nb3 56. Nxb5 Nxb5 57. Bxb5 Kd5 58. Be8 g5 59.
Bf7+ 1-0